00467cam a22001572 4500001001100000005001700011008004100028020002800069040001500097245006600112250001200178260003700190300001800227650002800245700003600273000000607320151217154357.0070913s xx 000 0 eng d a0074622501 :cKES 1,150 aKABUcKABU10aIntrodution to psychology /cClifford T. Morgan ... [et al.]. a7th ed. aNew Delhi :bMcGraw-Hill,c1986. axviii, 724 p. 0aPsychology.@00000249811 aMorgan, Clifford T.@0000157447